LIBRARY ONLINE CATALOGUE

Eight women of faith / (Record no. 21733)

MARC details
000 -LEADER
fixed length control field 01025cam a2200289 i 4500
001 - CONTROL NUMBER
control field 18934296
005 - DATE AND TIME OF LATEST TRANSACTION
control field 20260630153408.0
008 - FIXED-LENGTH DATA ELEMENTS--GENERAL INFORMATION
fixed length control field 160112s2016 ilu 001 0ceng
010 ## - LIBRARY OF CONGRESS CONTROL NUMBER
LC control number 2016000448
020 ## - INTERNATIONAL STANDARD BOOK NUMBER
International Standard Book Number 9781433548925
035 ## - SYSTEM CONTROL NUMBER
System control number 18934296
040 ## - CATALOGING SOURCE
Original cataloging agency DLC
Language of cataloging eng
Transcribing agency DLC
Description conventions rda
Modifying agency DLC
042 ## - AUTHENTICATION CODE
Authentication code pcc
050 00 - LIBRARY OF CONGRESS CALL NUMBER
Classification number BR1713
Item number .H39 2016
082 00 - DEWEY DECIMAL CLASSIFICATION NUMBER
Classification number 270.092/52
-- B
Edition number 23
100 1# - MAIN ENTRY--PERSONAL NAME
Personal name Haykin, Michael A. G.,
Relator term author.
245 10 - TITLE STATEMENT
Title Eight women of faith /
Statement of responsibility, etc. Michael A.G. Haykin.
300 ## - PHYSICAL DESCRIPTION
Extent 160 pages ;
Dimensions 22 cm
500 ## - GENERAL NOTE
General note Includes indexes.
650 #0 - SUBJECT ADDED ENTRY--TOPICAL TERM
Topical term or geographic name as entry element Christian women
General subdivision Biography.
650 #0 - SUBJECT ADDED ENTRY--TOPICAL TERM
Topical term or geographic name as entry element Women in Christianity.
776 08 - ADDITIONAL PHYSICAL FORM ENTRY
Relationship information Online version:
Main entry heading Haykin, Michael A. G., author.
Title Eight women of faith
Place, publisher, and date of publication Wheaton : Crossway, 2016
International Standard Book Number 9781433548956
Record control number (DLC) 2016012254
583 ## - ACTION NOTE
Action Cataloguing:
Time/date of action 20260630
Action agent mketermketer
906 ## - LOCAL DATA ELEMENT F, LDF (RLIN)
a 7
b cbc
c orignew
d 1
e ecip
f 20
g y-gencatlg
942 ## - ADDED ENTRY ELEMENTS (KOHA)
Source of classification or shelving scheme Library of Congress Classification
Koha item type General Collection
Holdings
Withdrawn status Lost status Source of classification or shelving scheme Not for loan Home library Current library Shelving location Date acquired Source of acquisition Inventory number Total Checkouts Full call number Barcode Date last seen Copy number Price effective from Koha item type
    Library of Congress Classification   Kabarak, Main Campus Kabarak, Main Campus General Stacks 30/06/2026 Donation 2026/3965   BR1713 .H39 2016 C.1 38088 30/06/2026 C.1 30/06/2026 General Collection